Ciclo de la primavera

Đã lưu trong:
Chi tiết về thư mục
Tác giả chính: Tagore, Rabindranath
Định dạng: Sách
Ngôn ngữ:Undetermined
Được phát hành: Madrid, España Fortanet 1918
Phiên bản:2
Những chủ đề:
Các nhãn: Thêm thẻ
Không có thẻ, Là người đầu tiên thẻ bản ghi này!

MARC

LEADER 00000nam a2200000Ia 4500
008 170316s9999 xx 000 0 und d
090 |a 800-I T-1c 
100 |a Tagore, Rabindranath 
245 |a Ciclo de la primavera 
250 |a 2 
260 |a Madrid, España 
260 |b Fortanet 
260 |c 1918 
300 |a 163 páginas 
650 |a OTRAS LITERATURAS 
650 |a LITERATURA DE LA INDIA 
999 |c 19907  |d 19907 
040 |a cru BVZT 
942 |c 15 D  |h 800-I T-1c  |2 z